000 00517nam a2200181Ia 4500
005 20250508154659.0
008 008 250505s9999 xx 000 0 eng d
037 _aTextual
040 _aFEDL
_beng
_cFEDL
041 _aeng
_2eng
084 _a510, EVE
_qFEDL
100 _aEves Howard
_9154315
245 0 _aIntroduction to the history of mathematics
260 _aNew York, USA
_bHolt, Rinehart and Winston
_c1964
300 _axvi,439p.
942 _cTEXL
_h510, EVE
999 _c1351565
_d1351565